00796nam a22002057a 450000500170000001000150001702000260003203500140005803700130007208200160008510000260010124500760012725000060020326000570020927001050026630000270037194200300039899900190042895201430044720240215173940.0 aENG-139307 a9789390394586c850.00 aEN-122839 bDBAD/PUB a658.403323 aEvans, James R962190 aBusiness Analytics bMethods, Models and Decisions/cBy James R Evans, a3 aUttar PradeshbPearson India Education Pvt Ltdc2023 bUttar Pradesha15th FLoor, Tower-B, World Trade Tower, Plot No.1, Block- C, Sector-16, Noidae201301 a704p.c25cm(pb)bIndex 2ddccENh658.4033mEVAe3 c200832d200832 001040708NFICaBNbBNd2024-02-15eDBADg850.00l1o658.4033 EVApEN-122839r2024-08-27 00:00:00s2024-08-23t1v850.00w2024-02-15yEN